000 00372cam a2200157ua 4500
041 _aeng
_h
082 _a633.08
_bMOO/CR
100 _aMoore, H.I .
245 _aCrops and cropping /
_cH.I.Moore.
_hTextual Documents
250 _a4 /
_b.
260 _a :
_bGeorge Allen & Unwin Ltd ,
_c1949.
300 _a267 ; .
504 _a
942 _cBK
999 _c2581
_d2581